Norwegian Eliteserien Champions - Statistics

General Stats
  • This quiz has been taken 789 times
    748 since last reset
  • The average score is 7 of 8
Answer Stats
Year Champions % Correct
1990, 1991, 1992, 1993, 1994, 1995, 1996, 1997, 1998, 1999, 2000, 2001, 2002, 2003, 2004, 2006, 2009, 2010, 2015, 2016, 2017, 2018 Rosenborg
99%
2020, 2021, 2023, 2024 Bodø/Glimt
98%
2019, 2014, 2012, 2011, 2022 Molde
98%
2007 Brann
92%
2005 Vålerenga
89%
1991, 2025 Viking
85%
2013 Strømsgodset
79%
2008 Stabæk
69%
No matching quizzes found
Score Distribution
Percent of People with Each Score
Percentile by Number Answered
Your Score History
You have not taken this quiz since the last reset